Sprog
English
Deutsch
Español
Français
Italiano
日本語
Nederlands
Português
Português (Brasil)
中文(简体)
中文(繁體)
Türkçe
עברית
Gaeilge
Cymraeg
Ελληνικά
Català
Euskara
Русский
Čeština
Suomi
Svenska
polski
Dansk
slovenščina
اللغة العربية
বাংলা
Galego
Tiếng Việt
Hrvatski
हिंदी
Հայերէն
Українська
Alle Felter
Titel
Forfatter
Fag
ISBN/ISSN
Tag
Identifier
Find
Udvidet
Т. 180, № 12; Успехи физически...
Citér dette
Stav dette
Email dette
Udskriv
Eksportér post
Eksportér til RefWorks
Eksportér til EndNoteWeb
Eksportér til EndNote
Permanent link
Esportazione completata correttamente —
Т. 180, № 12; Успехи физических наук
Bibliografiske detaljer
Parent link:
Успехи физических наук/ Российская академия наук (РАН), Физический институт им. П. Н. Лебедева (ФИАН). Т. 180, № 12.— , 1920-.— 0042-1294
Sprog:
russisk
Udgivet:
2010
Format:
MixedMaterials
Bog
KOHA link:
https://koha.lib.tpu.ru/cgi-bin/koha/opac-detail.pl?biblionumber=457648
Beholdninger
Beskrivelse
Lignende værker
Medarbejdervisning
MARC
LEADER
00000nam2a2200000 4500
001
457648
005
20231101084844.0
035
|a
(RuTPU)RU\TPU\prd\121072
035
|a
RU\TPU\prd\121067
090
|a
457648
100
|a
20110922a19189999k y0rusy50 ca
101
0
|a
rus
102
|a
RU
200
0
|a
Т. 180, № 12
210
|d
2010
461
1
|0
(RuTPU)RU\TPU\prd\399
|x
0042-1294
|t
Успехи физических наук
|f
Российская академия наук (РАН), Физический институт им. П. Н. Лебедева (ФИАН)
|v
Т. 180, № 12
|d
1920-
801
0
|a
RU
|b
63413507
|c
20011210
|g
PSBO
801
2
|a
RU
|b
63413507
|c
20201109
|g
PSBO
942
|c
BK
999
|a
НТБ_ТПУ
|b
НФ
|e
-8/20110111
|p
П-1557
|s
1/20100329
|u
0,00
|v
1
Lignende værker
Т. 180, № 1; Успехи физических наук
Udgivet: (2010)
Т. 180, № 2; Успехи физических наук
Udgivet: (2010)
Т. 180, № 3; Успехи физических наук
Udgivet: (2010)
Т. 180, № 4; Успехи физических наук
Udgivet: (2010)
Т. 180, № 5; Успехи физических наук
Udgivet: (2010)